000
00221 a2200097 4500
001
40022
100
_a
Singh B M
245
_a
100 Easy to Make Punjabi Dishes
260
_a
_b
Tarang Paper back
_c
090
_c
25010
_d
25010
942
_a
NUST-CAE
_c
M
_c
16682
999
_c
275095
_d
275095